You Can SELL (Record no. 2457)

MARC details
000 -LEADER
fixed length control field 00384nam a22001697a 4500
005 - DATE AND TIME OF LATEST TRANSACTION
control field 20231031134320.0
008 - FIXED-LENGTH DATA ELEMENTS--GENERAL INFORMATION
fixed length control field 160613b xxu||||| |||| 00| 0 eng d
020 ## - INTERNATIONAL STANDARD BOOK NUMBER
ISBN 978-81-291-1600-0
041 ## - LANGUAGE CODE
Language code of text/sound track or separate title eng
082 ## - DEWEY DECIMAL CLASSIFICATION NUMBER
Item number 7044
100 ## - MAIN ENTRY--AUTHOR NAME
Personal name Khera, Shiv
245 ## - TITLE STATEMENT
Title You Can SELL
260 ## - PUBLICATION, DISTRIBUTION, ETC. (IMPRINT)
Place of publication New Delhi
Name of publisher Rupa & Co.
Year of publication 2010
300 ## - PHYSICAL DESCRIPTION
Number of Pages 300
650 ## - SUBJECT ADDED ENTRY--TOPICAL TERM
Topical Term Management
942 ## - ADDED ENTRY ELEMENTS (KOHA)
Koha item type Books
Holdings
Lost status Damaged status Collection code Home library Current library Shelving location Date acquired Cost, normal purchase price Full call number Accession Number Koha item type
    LIFE SKILL JRU Library JRU Library SHELF-102-F 13/06/2016 195.00 7044 7044 Books
    LIFE SKILL JRU Library JRU Library SHELF-102-F 13/06/2016 195.00 7044 7045 Books
    LIFE SKILL JRU Library JRU Library SHELF-102-F 13/06/2016 195.00 7044 7046 Books
    LIFE SKILL JRU Library JRU Library SHELF-102-F 13/06/2016 195.00 7044 7047 Books
    LIFE SKILL JRU Library JRU Library SHELF-102-F 13/06/2016 195.00 7044 7048 Books